000 02914namaa2200469uu 4500
001 doab135596
003 oapen
005 20260218110440.0
006 m o d
007 cr|mn|---annan
008 240314s2024 xx |||||o ||| 0|eng d
020 _a978-3-031-52954-2
020 _a9783031529535
020 _a9783031529542
024 7 _a10.1007/978-3-031-52954-2
_2doi
040 _aoapen
_coapen
_d
041 0 _aeng
042 _adc
720 1 _aSchickore, Jutta
_4edt
245 0 0 _aElusive Phenomena, Unwieldy Things
_bHistorical Perspectives on Experimental Control
260 _aCham
_bSpringer Nature
_c2024
300 _a1 online resource (307 p.)
336 _atext
_btxt
_2rdacontent
337 _acomputer
_bc
_2rdamedia
338 _aonline resource
_bcr
_2rdacarrier
490 1 _aArchimedes
506 0 _fUnrestricted online access
_2star
520 _aThis open access book provides a historical treatment of scientific control in experimentation in the longue durée. The introduction distinguishes four related strands in the history of experimental control: the development of practices to stabilize experimental conditions; the career of the comparative design; the unfolding of methodological discussions about control practices and designs; and the history of the term "control". Each chapter brings these distinctions to bear on specific historical episodes. The focus is on experiments with complex, elusive phenomena such as perception and learning, irregular movements, and unobservable elements. Such experiments bring control issues to the fore because they are difficult to design and stabilize and often controversial. Together, the chapters show that the local context shapes what exactly is controlled, how control can be accomplished, and how controls are justified. They also show that control strategies and methodological ideas often remain stable for a long time and change only gradually. This book, as well as the volume on analysis and synthesis in experimentation by the same editors, contains contributions by an array of experts from multiple disciplines, making it suitable for historians and philosophers of science and students alike.
536 _aIndiana University
540 _aCreative Commons
_fby-nc-nd/4.0/
_2cc
_uhttp://creativecommons.org/licenses/by-nc-nd/4.0/
546 _aEnglish
650 7 _aAnalytical chemistry
_2bicssc
650 7 _aHistory of mathematics
_2bicssc
650 7 _aHistory of science
_2bicssc
650 7 _aHistory of Western philosophy
_2bicssc
720 1 _aNewman, William R.
_4edt
720 1 _aNewman, William R.
_4oth
720 1 _aSchickore, Jutta
_4oth
793 0 _aDOAB Library.
856 _uhttps://docs.google.com/spreadsheets/d/1yKIrdCPDAG_9c22mwoOIO2DOhtj65Wqa/edit?usp=sharing&ouid=106555315294820607512&rtpof=true&sd=true
_yList of Curated E-Books
942 _cE-BOOK
999 _c81156
_d81155